000 00619nam a22001817a 4500
005 20251108174830.0
008 250721s2009 xx 000 0 ara d
082 1 4 _aم/331.124/أرد
245 1 0 _aالتقرير التحليلي للنتائج السنوية لمسح العمالة و البطالة 2008 /
264 1 _aعمان :
_bدائرة الإحصاءات العامة،
_c2009.
300 _a59ص.
650 1 7 _aالاحصاءات الاقتصادية
650 1 7 _aالعمل و العمال
650 1 7 _aالبطالة
650 1 7 _aفرص التشغيل
942 _2ddc
_cREF
999 _c119223
_d119223